000 00927caa a22002417a 4500
999 _c413501
_d413501
001 126238
003 UA-OsUOA
005 20200116140116.0
007 ta
008 20171012b un ||||| |||| 00| 0 ukr d
040 _aUA-OsUOA
_bukr
_cUA-OsUOA
_dUA-OsUOA
041 _aukr
080 _a908
090 _a908
_bА92
100 _aАтаманенко В.
245 _aРозвиток просторової організації Острога в останній чверті XVI – першій чверті XVIІ ст. (за свідченнями описів міста)
_cВ. Атаманенко
300 _aС. 32–47
650 7 _a908 Краєзнавство
_2UDC
773 0 _0352294
_9378920
_dОстрог 2009
_o125672
_tНаукові записки
_w(UA-OsUOA) 66563
_z966-7631-62-1
942 _cBKA
_2udc
955 _a1